[Event "Skanska Open"]
[Site "Pardubice CZE"]
[Date "2004.07.24"]
[Round "2"]
[White "Lagowski,P"]
[Black "Hracek,Z"]
[Result "1/2-1/2"]
[WhiteElo "2415"]
[BlackElo "2579"]

1.d4 Nf6 2.c4 e6 3.Nf3 Bb4+ 4.Bd2 a5 5.g3 d6 6.Bg2 Nbd7 7.O-O e5 8.Bg5 exd4
9.Nxd4 O-O 10.Nc2 Bc5 11.Nc3 h6 12.Be3 Re8 13.b3 Bxe3 14.Nxe3 Nc5 15.Qd4 Be6
16.Rfd1 Qd7 17.Nb5 Re7 18.Bf3 Bh3 19.Qh4 Rc8 20.g4 Rxe3 21.fxe3 Bxg4 22.Rd4 Bxf3
23.exf3 Re8 24.Qf2 Re5 25.Kh1 Qe7 26.Re1 Rf5 27.Nc3 c6 28.Qg3 Re5 29.f4 Re6
30.f5 Re5 31.Rg1 Ne8 32.Rg4 Qf6 33.e4 Re7 34.Qh4 Qxh4 35.Rxh4 Kf8 36.Rd1 Re5
37.Rg4 Ke7 38.Kg2 Nd7 39.Kf3 Rc5 40.Na4  1/2-1/2

[Event "Politiken Cup"]
[Site "Copenhagen DEN"]
[Date "2004.07.29"]
[Round "7"]
[White "Hansen,LB"]
[Black "Hansen,TR"]
[Result "1-0"]
[WhiteElo "2572"]
[BlackElo "2346"]

1.d4 Nf6 2.Nf3 e6 3.c4 Bb4+ 4.Bd2 Qe7 5.g3 Nc6 6.Bg2 Bxd2+ 7.Nbxd2 d6 8.O-O a5
9.e4 e5 10.d5 Nb8 11.Qc2 O-O 12.Qc3 Nbd7 13.Ne1 Nc5 14.Nd3 Nxd3 15.Qxd3 Nd7
16.Qa3 Ra6 17.Rae1 Nc5 18.Qc3 Bd7 19.f4 f6 20.Rf3 Raa8 21.Nb3 b6 22.f5 g5
23.g4 Kh8 24.Nd2 c6 25.h4 Rg8 26.Rh3 b5 27.dxc6 b4 28.Qe3 Bxc6 29.Kh2 Rg7
30.Rh1 Rag8 31.Kg1 Na4 32.hxg5 Rxg5 33.Rxh7+ Qxh7 34.Rxh7+ Kxh7 35.Qh3+ Kg7
36.Nf3 Rh8 37.Qg3 Nc5 38.Nxg5 fxg5 39.Qe3 Kf6 40.Qd2 Rd8 41.Bf3 Be8 42.a3 Nb3
43.Qd5 bxa3 44.Qe6+  1-0

[Event "MTO"]
[Site "Biel SUI"]
[Date "2004.07.30"]
[Round "11"]
[White "Kosyrev,V"]
[Black "Eljanov,P"]
[Result "0-1"]
[WhiteElo "2550"]
[BlackElo "2613"]

1.d4 Nf6 2.c4 e6 3.Nf3 Bb4+ 4.Bd2 a5 5.g3 d6 6.Bg2 Nbd7 7.O-O e5 8.Nc3 O-O
9.Nd5 Bxd2 10.Qxd2 c6 11.Nxf6+ Qxf6 12.Ng5 Qe7 13.Ne4 f5 14.Nc3 Nf6 15.e3 e4
16.f3 d5 17.cxd5 cxd5 18.Rfc1 Bd7 19.f4 Qb4 20.Rc2 Rfc8 21.Rac1 Rc6 22.Nb1 Rxc2
23.Rxc2 Bb5 24.Rc5 Bc4 25.Nc3 b6 26.a3 Qb3 27.Rc7 b5 28.Bh3 b4 29.Nb1 Ng4
30.Bxg4 fxg4 31.Qc1 h5 32.Kf2 Qd3 33.a4 Kh7 34.b3 Qxb3 35.Nd2 Qa2 36.Kg1 Qa3
37.Qe1 Qd3 38.f5 Rf8 39.Qf2 Rf6 40.Nxc4 dxc4 41.Qf4 Qd1+ 42.Kf2 Qh1 43.Qg5 Qxh2+
44.Kf1 Qh1+ 45.Ke2 Qg2+ 46.Kd1 Qf1+ 47.Kd2 c3+ 48.Kc2 b3+  0-1

[Event "Politiken Cup"]
[Site "Copenhagen DEN"]
[Date "2004.07.31"]
[Round "9"]
[White "Hansen,LB"]
[Black "Holst,A"]
[Result "1-0"]
[WhiteElo "2572"]
[BlackElo "2358"]

1.d4 e6 2.c4 Nf6 3.Nf3 Bb4+ 4.Bd2 Qe7 5.g3 Nc6 6.Bg2 Bxd2+ 7.Nbxd2 O-O 8.O-O d6
9.e4 e5 10.d5 Nb8 11.b4 a5 12.a3 Na6 13.Qb3 Bg4 14.Rfb1 axb4 15.axb4 c5 16.dxc6 bxc6
17.Ne1 c5 18.b5 Nb4 19.Nd3 Nxd3 20.Qxd3 Rfb8 21.Nf1 Be6 22.Ne3 g6 23.Rd1 Ne8
24.Qf1 f6 25.h4 Qd8 26.Bh3 Bf7 27.Rd3 Rxa1 28.Qxa1 Nc7 29.Qd1 Ne8 30.Ra3 Ra8
31.Rxa8 Qxa8 32.Bd7 Qb8 33.Bc6 Qd8 34.Bd5 Nc7 35.Bxf7+ Kxf7 36.Qa4 Qb8 37.Qa5 Ne6
38.b6 Nd8 39.Qa7+ Qb7 40.Nd5 Ke6 41.g4 f5 42.exf5+ gxf5 43.g5 f4 44.Qa3 Kd7
45.Qh3+ Kc6 46.Qf3 Kd7 47.Nf6+ Ke7 48.Qh5 Ke6 49.Nd5 Kd7 50.Qxh7+ Kc8 51.g6  1-0

[Event "Politiken Cup"]
[Site "Copenhagen DEN"]
[Date "2004.07.31"]
[Round "9"]
[White "Nielsen,PH"]
[Black "Miezis,N"]
[Result "1-0"]
[WhiteElo "2652"]
[BlackElo "2502"]

1.d4 Nf6 2.Nf3 e6 3.c4 Bb4+ 4.Bd2 Qe7 5.g3 Bxd2+ 6.Qxd2 Ne4 7.Qc2 d5 8.Bg2 O-O
9.O-O Rd8 10.Nc3 Nxc3 11.Qxc3 Nc6 12.Rfc1 Bd7 13.e3 Be8 14.Ne1 Rac8 15.Nd3 Nb8
16.cxd5 exd5 17.Qc5 Qd6 18.Bh3 Bd7 19.Qxd6 cxd6 20.Bg2 Rc6 21.Bxd5 Rxc1+
22.Rxc1 Nc6 23.a3 Rc8 24.f3 Kf8 25.Kf2 Nd8 26.Rxc8 Bxc8 27.e4 Be6 28.Bxe6 fxe6
29.Ke3 Ke7 30.h4 Nf7 31.Nf4 Nd8 32.d5 e5 33.Nd3 Nf7 34.b3 Kd7 35.Nb2 Kc7
36.Nc4 Kd7 37.f4 Kc7 38.Kf3 Kd7 39.Kg4 Nh6+ 40.Kh5 b5 41.Ne3 Ng8 42.Ng4 Ke7
43.fxe5 dxe5 44.Kg5 Kd6 45.h5 Kc5 46.h6 gxh6+ 47.Nxh6 Ne7 48.Nf5 Ng8 49.b4+ Kb6
50.Nh6  1-0

[Event "Summer Open"]
[Site "Pirot SCG"]
[Date "2004.07.31"]
[Round "8"]
[White "Vojinovic,G"]
[Black "Ilic,DB"]
[Result "1-0"]
[WhiteElo "2432"]
[BlackElo "2289"]

1.d4 Nf6 2.Nf3 e6 3.c4 Bb4+ 4.Bd2 Qe7 5.g3 Nc6 6.Nc3 O-O 7.Bg2 d6 8.d5 Nb8
9.dxe6 fxe6 10.O-O Nc6 11.Qc2 Bxc3 12.Bxc3 e5 13.Rad1 Ng4 14.Qc1 e4 15.Nd4 Bd7
16.h3 Nh6 17.Qe3 Nf5 18.Nxf5 Bxf5 19.g4 Bg6 20.f4 exf3 21.Qxe7 Nxe7 22.exf3 Rf4
23.c5 Bf7 24.cxd6 cxd6 25.Rxd6 Bxa2 26.Rd7 Rf7 27.Rxb7 Bd5 28.Rc7 g5 29.Rd1 Bb3
30.Rdd7 Ng6 31.Rxf7 Bxf7 32.f4 Rd8 33.fxg5 a6 34.Bf1 Nf4 35.Bf6 Re8 36.Rd7 a5
37.Rd8 Rxd8 38.Bxd8 a4 39.Kf2 Be6 40.h4 Ng6 41.Kg3 Ne5 42.Bf6 Nc4 43.Bd3 Nd6
44.Kf4 Bb3 45.h5 Bf7 46.Bc2 Bb3 47.Bxb3+ axb3 48.g6 hxg6 49.hxg6 Nc4 50.Ke4 Nb6
51.g5 Nd7 52.Kd3  1-0

[Event "Open"]
[Site "Kavala GRE"]
[Date "2004.08.02"]
[Round "4"]
[White "Kiss,Pa"]
[Black "Parligras,M"]
[Result "1/2-1/2"]
[WhiteElo "2394"]
[BlackElo "2564"]

1.d4 Nf6 2.c4 e6 3.Nf3 Bb4+ 4.Bd2 c5 5.a3 Bxd2+ 6.Qxd2 cxd4 7.Nxd4 O-O 8.Nc3 a6
9.e3 b6 10.Be2 Bb7 11.O-O Nc6 12.Rfd1 Rc8 13.Nxc6 Bxc6 14.Rac1 Rc7 15.Qd4 Qa8
16.f3 Qb8 17.e4 Rfc8 18.Bd3 Ne8 19.b4 d6 20.a4 Bd7 21.e5 dxe5 22.Qxe5 Nf6
23.Rb1 Qa7 24.Qe3 Bc6 25.Be2 Nd7 26.Rd6 a5 27.c5 axb4 28.cxb6 Qxb6 29.Qxb6 Nxb6
30.Rxb4 Nd5 31.Nxd5 Bxd5 32.Rdb6 Kf8 33.Kf2 Rc2 34.Rb2 R8c3 35.R6b4 Rxb2
36.Rxb2 Ra3 37.Rb4 Ra2 38.Ke3 Ke7 39.h4 Kd6 40.h5 Ra3+ 41.Kf2 Kc5 42.h6 gxh6
43.Rh4 f5 44.Rxh6 Ra2 45.Rxh7 Rxa4 46.Rc7+ Kd4 47.Rc2 Ke5  1/2-1/2

[Event "IV Mario Covas"]
[Site "Santos BRA"]
[Date "2004.08.03"]
[Round "4"]
[White "Morovic Fernandez,I"]
[Black "Marques,V"]
[Result "1-0"]
[WhiteElo "2573"]
[BlackElo "2378"]

1.d4 Nf6 2.c4 e6 3.Nf3 Bb4+ 4.Bd2 Bxd2+ 5.Qxd2 O-O 6.Nc3 d5 7.e3 Qe7 8.Rc1 Rd8
9.cxd5 exd5 10.Bd3 c6 11.O-O Nbd7 12.Na4 Ne4 13.Qa5 b6 14.Qe1 Bb7 15.Qe2 a5
16.a3 Re8 17.Rfd1 Qd6 18.Ne5 Nxe5 19.dxe5 Qxe5 20.Nxb6 Rad8 21.Bxe4 Qxe4
22.Qc2 Qe5 23.Rd4 Rd6 24.Qc5 Rg6 25.h3 Qf5 26.Rg4 Rxg4 27.hxg4 Qxg4 28.Qxa5 Bc8
29.Qa4 Qxa4 30.Nxa4 h5 31.Rxc6 Bd7 32.Ra6 Rb8 33.b4 Bb5 34.Rb6  1-0

[Event "XI Summer Open"]
[Site "Nice FRA"]
[Date "2004.08.05"]
[Round "5"]
[White "Dunis,A"]
[Black "Sulava,N"]
[Result "1/2-1/2"]
[WhiteElo "2443"]
[BlackElo "2482"]

1.d4 Nf6 2.c4 e6 3.Nf3 Bb4+ 4.Bd2 Qe7 5.g3 Nc6 6.Nc3 O-O 7.Bg2 Na5 8.b3 b6
9.O-O Bb7 10.Qc2 Rac8 11.Rfe1 c5 12.a3 Bxc3 13.Bxc3 Be4 14.Qb2 d5 15.dxc5 dxc4
16.cxb6 Nxb3 17.Bb4 Nc5 18.bxa7 Qxa7 19.Rac1 Qa6 20.Bf1 Rfd8 21.Nd2 Na4 22.Qa2 c3
23.Nxe4 Nxe4 24.Bg2 Rd2 25.Rc2 Rxc2 26.Qxc2 Nf6 27.e4 Rd8 28.Rd1 Rxd1+ 29.Qxd1 h5
30.Bf3 e5 31.Qc2 Qc6 32.Bd1 Nb2 33.Bf3 Na4 34.h3 g6 35.Bd1 Nb2 36.Bf3 Na4
37.Kh2 Nd7 38.Bd1 Nb2 39.Be2 Na4 40.Bd1 Nb2 41.Bxc3 Nxd1 42.Qxd1 Qxc3 43.Qxd7 Qxa3
44.Qe8+ Qf8 45.Qxe5 Qb4 46.Kg2 Qd2 47.Qd5 Qe2 48.Qd8+ Kg7 49.Qd4+ Kg8 50.Qe3 Qc4
51.g4 hxg4 52.hxg4 Qc2 53.e5 Qc4 54.f3 Kg7 55.Kg3 Qa2 56.Qd4 Kh7 57.Qd7 Kg8
58.Qd8+ Kh7 59.Qf6 Qa7 60.e6 Qg1+ 61.Kf4 Qc1+ 62.Ke4 Qc2+ 63.Kd5 Qd3+ 64.Kc6 fxe6
65.g5 Qa6+ 66.Kd7 Qb7+ 67.Ke8 Qc6+ 68.Ke7 Qb7+ 69.Kxe6 Qc6+ 70.Ke5 Qc5+ 71.Ke4 Qc2+
72.Kd5 Qb3+ 73.Kc6 Qc4+ 74.Kd7 Qd5+ 75.Ke8 Qb5+ 76.Kf7 Qd5+ 77.Kf8 Qa8+ 78.Kf7 Qd5+  1/2-1/2

[Event "Australian Masters"]
[Site "Melbourne AUS"]
[Date "2004.08.08"]
[Round "6"]
[White "Lee Wang Sheng"]
[Black "Froehlich,P"]
[Result "1/2-1/2"]
[WhiteElo "2252"]
[BlackElo "2388"]

1.d4 Nf6 2.c4 e6 3.Nf3 Bb4+ 4.Bd2 Qe7 5.g3 Bxd2+ 6.Qxd2 d6 7.Nc3 O-O 8.Bg2 e5
9.O-O Re8 10.dxe5 dxe5 11.Ng5 c6 12.Rad1 Bf5 13.Nge4 Nxe4 14.Bxe4 Be6 15.b3 Na6
16.Qc2 g6 17.Rd2 Red8 18.Rfd1 Kf8 19.Qc1 Ke8 20.Bg2 Rxd2 21.Rxd2 Bf5 22.Na4 f6
23.h4 Rd8 24.Kh2 Kf7 25.Qc3  1/2-1/2

[Event "HZ Open"]
[Site "Vlissingen NED"]
[Date "2004.08.12"]
[Round "7"]
[White "Konings,F"]
[Black "Pannekoek,W"]
[Result "1-0"]
[WhiteElo "2200"]
[BlackElo "2102"]

1.d4 Nf6 2.Nf3 e6 3.c4 Bb4+ 4.Bd2 c5 5.Bxb4 cxb4 6.g3 a5 7.Bg2 O-O 8.O-O d6
9.a3 Na6 10.axb4 Nxb4 11.Na3 Bd7 12.Nd2 Bc6 13.Bxc6 bxc6 14.Qa4 Qc7 15.Rfc1 Rfb8
16.c5 d5 17.Nc2 Ra7 18.Ne1 e5 19.Nef3 e4 20.Ne5 Nh5 21.Nf1 Qc8 22.Ne3 f6
23.N5g4 Kh8 24.Kg2 Qe6 25.Rc3 g5 26.Rb3 Ng7 27.Nh6 f5 28.Rxb4 Rxb4 29.Qxb4 axb4
30.Rxa7 Qc8 31.Nf7+ Kg8 32.Nd6 Qb8 33.Rb7 Qa8 34.Rc7 Qa2 35.Rc8+ Ne8 36.Rxe8+ Kg7
37.Nexf5+ Kf6 38.Rf8+ Ke6 39.Ng7+ Ke7 40.Rf7+ Kd8 41.Ne6+  1-0

[Event "Paks Cup GM"]
[Site "Paks HUN"]
[Date "2004.08.26"]
[Round "6"]
[White "Polak,T"]
[Black "Anka,E"]
[Result "1-0"]
[WhiteElo "2482"]
[BlackElo "2407"]

1.d4 Nf6 2.c4 e6 3.Nf3 Bb4+ 4.Bd2 Qe7 5.g3 Nc6 6.Nc3 Bxc3 7.Bxc3 Ne4 8.Qc2 Nxc3
9.Qxc3 O-O 10.Bg2 d6 11.d5 Nd8 12.O-O e5 13.c5 f5 14.cxd6 cxd6 15.Rac1 Nf7
16.Qe3 Qd8 17.Rc4 b5 18.Rc2 Bb7 19.Rfc1 Qb6 20.Qxb6 axb6 21.Nh4 Nd8 22.e4 fxe4
23.Bxe4 Nf7 24.Nf5 Kh8 25.h4 Bc8 26.Ne7 Bh3 27.Kh2 Bd7 28.Rc7 Be8 29.a3 g6
30.Kg2 Nh6 31.Nc8 Nf7 32.Nxb6 Ra6 33.Rb7 Nh6 34.Rb8 Kg8 35.Rcc8 Kf7 36.Rc7+ Kg8
37.Rcc8 Kf7 38.Nd7 Rg8 39.Rc7 Bxd7 40.Rxd7+ Kf6 41.Rxb5 Nf7 42.Rbb7 Rf8 43.g4 Ra4
44.g5+ Kg7 45.f3 Kg8 46.Rbc7 Kg7 47.Kf2 Kg8 48.Ke2 Rb8 49.Rxf7 Rxb2+ 50.Kd1 Rxa3
51.Rg7+ Kf8 52.Rxh7  1-0

[Event "It"]
[Site "Pune IND"]
[Date "2004.09.03"]
[Round "1"]
[White "Kunte,A"]
[Black "Kasimdzhanov,R"]
[Result "0-1"]
[WhiteElo "2532"]
[BlackElo "2640"]

1.d4 Nf6 2.c4 e6 3.Nf3 Bb4+ 4.Bd2 c5 5.Bxb4 cxb4 6.g3 O-O 7.Bg2 d6 8.O-O a5
9.a3 Na6 10.axb4 Nxb4 11.Nc3 b6 12.Ne5 dxe5 13.Bxa8 exd4 14.Nb5 e5 15.Bg2 Qe7
16.Qd2 Be6 17.b3 Nd7 18.e3 Nc5 19.Qb2 dxe3 20.fxe3 Qg5 21.Qe2 Nxb3 22.Ra3 Nc5
23.Nc7 Qe7 24.Nd5 Bxd5 25.cxd5 e4 26.Rd1 Ncd3 27.Bxe4 Qxe4 28.Raxd3 Nxd3
29.Rxd3 Rd8 30.d6 Qc6 31.Qd2 h6 32.Rd4 a4 33.Qb4 b5 34.Kf2 f6 35.h4 h5 36.Rd2 Kf7
37.Rd4 Qc2+ 38.Kf3 Qf5+ 39.Kg2 Rc8 40.d7  0-1

[Event "It"]
[Site "Pune IND"]
[Date "2004.09.03"]
[Round "1"]
[White "Kunte,A"]
[Black "Kasimdzhanov,R"]
[Result "0-1"]
[WhiteElo "2532"]
[BlackElo "2640"]

1.d4 Nf6 2.c4 e6 3.Nf3 Bb4+ 4.Bd2 c5 5.Bxb4 cxb4 6.g3 O-O 7.Bg2 d6 8.O-O a5
9.a3 Na6 10.axb4 Nxb4 11.Nc3 b6 12.Ne5 dxe5 13.Bxa8 exd4 14.Nb5 e5 15.Bg2 Qe7
16.Qd2 Be6 17.b3 Nd7 18.e3 Nc5 19.Qb2 dxe3 20.fxe3 Qg5 21.Qe2 Nxb3 22.Ra3 Nc5
23.Nc7 Qe7 24.Nd5 Bxd5 25.cxd5 e4 26.Rd1 Ncd3 27.Bxe4 Qxe4 28.Raxd3 Nxd3
29.Rxd3 Rd8 30.d6 Qc6 31.Qd2 h6 32.Rd4 a4 33.Qb4 b5 34.Kf2 f6 35.h4 h5 36.Rd2 Kf7
37.Rd4 Qc2+ 38.Kf3 Qf5+ 39.Kg2 Rc8 40.d7 Rc2+ 41.Qd2 Qe4+ 42.Kf2 Qxd4 43.Qxc2 Qxd7
44.Qc5 Kg6 45.Kg2 Qd2+ 46.Kf3 b4 47.Qb5 Qd1+ 48.Kf2 Qc2+ 49.Kg1 Qb1+ 50.Kh2 Qc2+
51.Kg1 Qe4 52.Qxa4 Qxe3+ 53.Kh2 Qe2+ 54.Kh3 Qe6+ 55.Kh2 b3 56.Qb5 Kh6 57.Qd3 f5
58.Qd2+ Kh7 59.Qd3 Kg6 60.Qb5 Kh7 61.Qd3 g6 62.Qb5 Qf7 63.Qb4 Qe6 64.Qb7+ Kh6
65.Qb8 Kg7 66.Qc7+ Qf7 67.Qc3+ Kh7 68.Qb4 g5 69.hxg5 Kg6 70.Qb6+ Kxg5 71.Qd6 f4
72.Qd8+ Kh6 73.Qd6+ Kg5 74.Qd8+ Kg4 75.Qd1+ f3 76.Qd4+ Kg5 77.Qe3+ Kg6 78.Qd3+ Kg7
79.Qc3+ Qf6 80.Qxb3 f2 81.Qb7+ Kh6 82.g4 Qf4+  0-1

[Event "TCh-CRO w"]
[Site "Rabac CRO"]
[Date "2004.09.05"]
[Round "1"]
[White "Macek,V"]
[Black "Kaps,D"]
[Result "1-0"]
[WhiteElo "2230"]
[BlackElo "2186"]

1.d4 Nf6 2.Nf3 e6 3.c4 Bb4+ 4.Bd2 Qe7 5.Nc3 b6 6.e3 Bb7 7.Be2 Bxc3 8.Bxc3 Ne4
9.Rc1 O-O 10.O-O d6 11.Nd2 Nxd2 12.Bxd2 Nd7 13.Bf3 Bxf3 14.Qxf3 c5 15.dxc5 Nxc5
16.Bc3 f5 17.Rfd1 Rac8 18.Bb4 Ne4 19.Qe2 Rfd8 20.b3 Qb7 21.f3 Nc5 22.Bxc5 dxc5
23.Rc3 Qc7 24.Rcd3 Kf8 25.e4 f4 26.Qd2 Ke8 27.Kf2 Rxd3 28.Qxd3 Qe7 29.g3 g5
30.Qc3 Kf7 31.Qe5 fxg3+ 32.Kxg3 Rd8 33.Rxd8 Qxd8 34.Kg4 Qd1 35.Kxg5 Qxf3
36.Qc7+ Ke8 37.Qxh7 Kd8 38.h4 Kc8 39.h5 Qg2+ 40.Kf6 Qxa2 41.h6 Qxb3 42.Qg8+ Kb7
43.h7 Qf3+ 44.Ke7 Qf4 45.h8=Q Qc7+ 46.Ke8 Qc8+ 47.Kf7 Qc7+ 48.Kxe6  1-0

[Event "TCh-CRO"]
[Site "Rabac CRO"]
[Date "2004.09.05"]
[Round "1"]
[White "Franic,M"]
[Black "Horvath,P1"]
[Result "1-0"]
[WhiteElo "2415"]
[BlackElo "2503"]

1.d4 Nf6 2.c4 e6 3.Nf3 Bb4+ 4.Bd2 Qe7 5.g3 Nc6 6.Nc3 O-O 7.Bg2 d6 8.d5 Bxc3
9.Bxc3 Nb8 10.dxe6 fxe6 11.O-O a5 12.Nd4 Nbd7 13.Qd2 a4 14.Rad1 Ne5 15.b3 Nf7
16.Nb5 e5 17.Bb4 e4 18.Bc3 Ne8 19.Bb2 c6 20.Nc3 axb3 21.axb3 Nf6 22.Qf4 Re8
23.Ra1 Rxa1 24.Rxa1 e3 25.fxe3 Qxe3+ 26.Qxe3 Rxe3 27.Ra8 Re8 28.Ne4 Nxe4
29.Bxe4 g6 30.Rb8 Kf8 31.Bf3 Ke7 32.Bd4 Ne5 33.Bg2 Nd7 34.Ra8 Kd8 35.Kf2 Kc7
36.Be3 Ne5 37.Bf4 Nd7 38.h4 Nb6 39.Ra7 Nd7 40.b4 Ne5 41.c5 Bf5 42.e4 Nd3+
43.Ke3 Nxf4 44.cxd6+ Kxd6 45.gxf4 Bg4 46.Ra5 Rd8 47.Rg5 Bd1 48.f5 gxf5 49.Rxf5 Bg4
50.Rg5 Be6 51.e5+ Kc7 52.Be4 Rd7 53.h5 Kd8 54.h6 Ke8 55.Rg1 Rf7 56.Rg8+ Ke7
57.Rb8 Bd7 58.Rxb7 Ke6 59.Bg2 Be8 60.Rxf7 Bxf7 61.Kd4 Kd7 62.Be4 Bg8 63.Bf5+  1-0

[Event "zt2.3.c2"]
[Site "San Jose CRC"]
[Date "2004.09.06"]
[Round "2"]
[White "Bravo,W"]
[Black "Guillen,J"]
[Result "1-0"]
[WhiteElo "2152"]
[BlackElo "2220"]

1.d4 Nf6 2.c4 e6 3.Nf3 Bb4+ 4.Bd2 Qe7 5.g3 b6 6.Bg2 Bb7 7.O-O Bxd2 8.Qxd2 d6
9.Nc3 Ne4 10.Nxe4 Bxe4 11.Qe3 Bb7 12.Qd3 Nd7 13.Rfd1 f5 14.b4 O-O 15.Rac1 a5
16.a3 axb4 17.axb4 Ra4 18.Ra1 Rxb4 19.Ra7 Be4 20.Qc3 c5 21.Ne1 Bxg2 22.Kxg2 b5
23.dxc5 Rxc4 24.cxd6 Qd8 25.Qb2 Qb6 26.Qa2 f4 27.Nf3 fxg3 28.hxg3 Ne5 29.Qa1 Re4
30.Ra8 Qb7 31.Rxf8+ Kxf8 32.d7 Nxd7 33.Rxd7 Qxd7 34.Qa8+ Ke7 35.Qxe4  1-0

[Event "TCh-CRO"]
[Site "Rabac CRO"]
[Date "2004.09.07"]
[Round "3"]
[White "Franic,M"]
[Black "Kurajica,B"]
[Result "0-1"]
[WhiteElo "2415"]
[BlackElo "2540"]

1.d4 Nf6 2.Nf3 e6 3.c4 Bb4+ 4.Bd2 a5 5.Nc3 O-O 6.Bg5 d6 7.Qc2 Nbd7 8.O-O-O Bxc3
9.bxc3 d5 10.e3 Qe7 11.Bd3 Qa3+ 12.Qb2 Qxb2+ 13.Kxb2 dxc4 14.Bxc4 b5 15.Bd3 Bb7
16.Nd2 Rfb8 17.e4 b4 18.f3 Ba6 19.Bxa6 Rxa6 20.c4 e5 21.d5 a4 22.Be3 c5 23.Rb1 Ne8
24.Kc2 h5 25.Kd3 Nd6 26.Rhf1 Re8 27.g3 g6 28.h3 f5 29.Ke2 Raa8 30.Rg1 Kf7
31.Rgf1 Rac8 32.Kd3 Kg7 33.Rg1 Rf8 34.Ke2 Nb6 35.Kd3 Rf7 36.Rbc1 a3 37.Rc2 Na4
38.exf5 gxf5 39.g4 e4+ 40.fxe4 fxe4+ 41.Ke2 Nc3+ 42.Ke1 Kh7 43.Rf1 hxg4 44.hxg4 Rxf1+
45.Kxf1 Kg6 46.Ke1 Nf7 47.Nb3 Ne5 48.Rg2 Nxc4 49.Bxc5 Nxd5 50.Rc2 Nb2 51.Kd2 Rh8
52.Bd6 Rd8 53.Bc5 Kg5 54.Nd4 Kxg4 55.Nc6 Rh8 56.Bd6 Rh1 57.Nxb4 e3+ 58.Ke2 Nxb4
59.Rc3 Nd5 60.Rxa3 Nf4+ 61.Bxf4 Kxf4  0-1

[Event "Open"]
[Site "Bucharest ROM"]
[Date "2004.09.24"]
[Round "4"]
[White "Mateuta,G"]
[Black "Cioara,A"]
[Result "1-0"]
[WhiteElo "2469"]
[BlackElo "2373"]

1.d4 e6 2.c4 Nf6 3.Nf3 Bb4+ 4.Bd2 a5 5.Qc2 d5 6.a3 Be7 7.Nc3 Nbd7 8.Bg5 O-O
9.e3 c6 10.cxd5 exd5 11.Bd3 Re8 12.O-O Ne4 13.Bxe4 Bxg5 14.Bxh7+ Kh8 15.Bd3 Be7
16.Rfe1 g6 17.e4 dxe4 18.Nxe4 Kg7 19.Bc4 Nb6 20.Nc5 Nxc4 21.Qxc4 b6 22.Ne5 Qd5
23.Qxd5 cxd5 24.Na4 Bd8 25.Nc3 Bb7 26.Nb5 Re6 27.Rec1 Rc8 28.Rxc8 Bxc8 29.Rc1 Bb7
30.a4 f6 31.Nd3 Ba6 32.f3 Re2 33.Nf4 Rxb2 34.Ne6+ Kh6 35.Nxd8 Bxb5 36.axb5 Rxb5
37.Nc6 Rb3 38.Ne7 a4 39.Nxd5 a3 40.Ra1 b5 41.Nxf6 Rd3 42.Ng4+ Kg7 43.Ne5 Rc3
44.Nc6 Rxc6 45.Rxa3 Kf6 46.Rb3 Rb6 47.Rb4 Ke6 48.Kf2 Kd5 49.Ke3  1-0

[Event "TCh-Vojvodina"]
[Site "Sombor SCG"]
[Date "2004.09.25"]
[Round "1"]
[White "Laketic,G"]
[Black "Ilincic,Z"]
[Result "0-1"]
[WhiteElo "2403"]
[BlackElo "2520"]

1.d4 Nf6 2.c4 e6 3.Nf3 Bb4+ 4.Bd2 c5 5.e3 d6 6.Be2 O-O 7.O-O b6 8.Bxb4 cxb4
9.a3 bxa3 10.b4 Nc6 11.Qb3 a5 12.bxa5 Nxa5 13.Qc2 Ba6 14.Rxa3 Qc7 15.Rc3 Rfc8
16.Rc1 h6 17.Nfd2 e5 18.Ne4 Qe7 19.Ng3 g6 20.Qb2 h5 21.Qxb6 Rcb8 22.Qxa5 Bc8
23.Qxa8 Rxa8 24.c5 d5 25.dxe5 Qxe5 26.Nd2 Ra2 27.Nf3 Qe7 28.c6 h4 29.Nxh4 Ne4
30.Nxg6 fxg6 31.Nxe4 Rxe2 32.c7 Qf6 33.f3 Qb6  0-1

[Event "TCh-BEL 2004-5"]
[Site "Belgium BEL"]
[Date "2004.09.26"]
[Round "2"]
[White "Khenkin,I"]
[Black "Winants,L"]
[Result "1-0"]
[WhiteElo "2604"]
[BlackElo "2535"]

1.d4 Nf6 2.c4 e6 3.Nf3 Bb4+ 4.Bd2 Qe7 5.g3 Nc6 6.Nc3 Bxc3 7.Bxc3 Ne4 8.Rc1 d6
9.d5 Nxc3 10.Rxc3 Nd8 11.Bg2 O-O 12.Nd2 e5 13.c5 f5 14.cxd6 cxd6 15.Qc2 Nf7
16.Rc7 Bd7 17.Rxb7 Rfc8 18.Qd1 Rab8 19.Rxb8 Rxb8 20.Nc4 Bb5 21.Na5 Qc7 22.Nc6 Bxc6
23.dxc6 e4 24.Qd5 g6 25.O-O Rxb2 26.g4 fxg4 27.Bxe4 Rxe2 28.Qc4 Rb2 29.Bd5 Rb8
30.Qxg4 Qe7 31.Qe6 Kf8 32.Re1  1-0

[Event "79th ch-ARG"]
[Site "Buenos Aires ARG"]
[Date "2004.09.26"]
[Round "4"]
[White "Perez,M"]
[Black "Jimenez,Joa"]
[Result "0-1"]
[WhiteElo "1982"]
[BlackElo "2195"]

1.d4 Nf6 2.Nf3 e6 3.c4 Bb4+ 4.Bd2 Qe7 5.a3 Bxd2+ 6.Nbxd2 a5 7.g3 d6 8.Bg2 Nbd7
9.Qc2 e5 10.e4 a4 11.O-O h5 12.b4 axb3 13.Nxb3 Nf8 14.c5 Ng6 15.Qc4 O-O 16.Rfc1 h4
17.Qb4 h3 18.Bh1 d5 19.dxe5 Nxe4 20.c6 Qxb4 21.axb4 Rxa1 22.Rxa1 bxc6 23.Ra7 Bg4
24.Rxc7 Rb8 25.Rxc6 Rxb4 26.Nfd4 Nxe5 27.Rc1 Nd3 28.Rf1 Nc3 29.f3 Rxb3 30.fxg4 Rb4
31.Ra1 Rxd4 32.Ra7 Ne4 33.Kf1 Ne5 34.Ke1 Nxg4 35.Ra8+ Kh7 36.Ra7 f6 37.Ra5 Nxh2
38.Rxd5 Ra4  0-1

[Event "79th ch-ARG"]
[Site "Buenos Aires ARG"]
[Date "2004.09.26"]
[Round "4"]
[White "Menon,D"]
[Black "Triunfetti,C"]
[Result "0-1"]
[WhiteElo "2062"]
[BlackElo "2256"]

1.d4 Nf6 2.Nf3 e6 3.c4 Bb4+ 4.Bd2 Qe7 5.g3 b6 6.Bg2 Bb7 7.O-O Bxd2 8.Qxd2 O-O
9.Nc3 d6 10.d5 e5 11.Nh4 g6 12.Qg5 Kh8 13.f4 exf4 14.Qxf4 Nbd7 15.Nb5 a6
16.Nxc7 Rac8 17.Ne6 fxe6 18.dxe6 Ne5 19.Bxb7 Qxb7 20.b3 Qe7 21.Qd4 Rc6 22.Nf3 Nxf3+
23.Rxf3 Qxe6 24.Raf1 Kg7 25.g4 Qe5 26.Qf2 Nxg4 27.Rf7+ Rxf7 28.Qxf7+ Kh6
29.Rf4 Kg5 30.Rxg4+ Kxg4 31.Qf3+ Kg5 32.Qxc6 Qc5+ 33.Qxc5+ dxc5 34.a3 Kf4
35.Kf2 g5 36.b4 h5 37.b5 a5 38.a4 Ke4 39.e3 Kd3 40.Kf3 Kxc4 41.Ke4 Kb3 42.Kd3 c4+
43.Kd2 c3+  0-1

[Event "TCh-Vojvodina"]
[Site "Sombor SCG"]
[Date "2004.09.26"]
[Round "3"]
[White "Ilincic,Z"]
[Black "Levnajic,P"]
[Result "1-0"]
[WhiteElo "2520"]
[BlackElo "2255"]

1.d4 Nf6 2.c4 e6 3.Nf3 Bb4+ 4.Bd2 Qe7 5.g3 Ne4 6.Bg2 a5 7.O-O Nxd2 8.Nbxd2 a4
9.c5 Bxd2 10.Qxd2 d5 11.cxd6 cxd6 12.e4 O-O 13.Rac1 Na6 14.Rc3 Bd7 15.Rfc1 Rfc8
16.Rxc8+ Rxc8 17.Rxc8+ Bxc8 18.Qa5 Bd7 19.Nd2 e5 20.d5 Be8 21.Nc4 Nc7 22.Qb4 Nb5
23.Qxa4 f5 24.exf5 Nd4 25.Qb4 Nxf5 26.Bh3  1-0

[Event "79th ch-ARG"]
[Site "Buenos Aires ARG"]
[Date "2004.09.27"]
[Round "5"]
[White "Nedilsky,D"]
[Black "Rubinetti,J"]
[Result "1-0"]
[WhiteElo "2347"]
[BlackElo "2439"]

1.d4 Nf6 2.c4 e6 3.Nf3 Bb4+ 4.Bd2 Qe7 5.g3 Nc6 6.Bg2 Bxd2+ 7.Nbxd2 d6 8.O-O a5
9.e4 e5 10.d5 Nb8 11.h3 O-O 12.Ne1 Na6 13.Nd3 Nd7 14.a3 Nac5 15.Nxc5 dxc5
16.a4 Nb6 17.b3 Bd7 18.f4 Nc8 19.Qh5 exf4 20.gxf4 Ra6 21.Rae1 Rh6 22.Qf3 Qh4
23.Re3 Nd6 24.Qf2 Re8 25.Rfe1 b6 26.Qxh4 Rxh4 27.e5 Nf5 28.e6 Bxe6 29.Re5 Rxf4
30.dxe6 Rxe6 31.Rxe6 fxe6 32.Rxe6 Rd4 33.Bd5 Kf8 34.Nf3 Rd1+ 35.Kf2 Ne7 36.Re1 Rd3
37.Re3 Rd1 38.Be4 g6 39.Rd3 Rxd3 40.Bxd3 h6 41.Kg3 Kg7 42.Ne5 g5 43.Kg4 Kf6
44.Nf3 Nc6 45.Kh5 Kg7 46.Be4 Nb8 47.Ne5 c6 48.Ng4 Nd7 49.Bxc6 Nf8 50.Nxh6 Kf6
51.Bd5 Nd7 52.Nf7 b5 53.cxb5 Kf5 54.Nh6+ Kf4 55.Be6 Nb6 56.Nf7 Na8 57.Nxg5 Ke5
58.Kg6  1-0

[Event "TCh-Vojvodina"]
[Site "Sombor SCG"]
[Date "2004.09.27"]
[Round "4"]
[White "Bodiroga,P"]
[Black "Ilincic,Z"]
[Result "1/2-1/2"]
[WhiteElo "2394"]
[BlackElo "2520"]

1.d4 Nf6 2.c4 e6 3.Nf3 Bb4+ 4.Bd2 c5 5.Bxb4 cxb4 6.g4 h6 7.Rg1 b6 8.e3 Bb7
9.Nbd2 Nc6 10.Bd3 d6 11.Qa4 Qd7 12.Ne4 Nxe4 13.Bxe4 Na5 14.Qxd7+ Kxd7 15.Bxb7 Nxb7
16.Ke2 Rac8 17.Rgc1 Rc7 18.a3 bxa3 19.Rxa3 Ra8 20.b4 a5 21.bxa5 Rxa5 22.Rb3 Ra2+
23.Ke1 Na5 24.Rb4 f6 25.Nd2 Rc6 26.Kd1 Kc7 27.h4 d5 28.cxd5 exd5 29.h5 Rxc1+
30.Kxc1 Kc6 31.Rb2 Ra1+ 32.Rb1 Ra2 33.Rb2 Ra1+ 34.Rb1 Rxb1+ 35.Kxb1 Kb5 36.Kc2 Nc4
37.Nb1 Nd6 38.Nc3+ Kc4 39.Na4 Kb5 40.Nc3+ Kc4 41.Na4 Kb5 42.Kb3 f5 43.Nc3+ Kc6
44.gxf5 Nxf5 45.Ne2 Nd6 46.Nf4 Ne4 47.Ne6 Nxf2 48.Nxg7 Ng4 49.Nf5 Kd7 50.Kb4 Ke6
51.Ng3 Nxe3 52.Kb5 Kf6 53.Kxb6 Kg5 54.Kc6 Kg4 55.Ne2 Kxh5 56.Nf4+ Kg5 57.Nxd5 Nf5
58.Kc5 h5 59.Nc3 Kf4 60.Ne2+ Ke3 61.Ng1 Nxd4 62.Kd5 h4 63.Nh3 Nf3 64.Ke6 Nd2
65.Kf5 Kf3 66.Ng1+ Kg3 67.Ne2+ Kf2 68.Kg4 Nf3 69.Nd4  1/2-1/2

[Event "Monarch Assurance"]
[Site "Port Erin IOM"]
[Date "2004.10.01"]
[Round "7"]
[White "Peek,Mar"]
[Black "Murtagh,D"]
[Result "1-0"]
[WhiteElo "2406"]
[BlackElo "1889"]

1.d4 Nf6 2.Nf3 e6 3.c4 Bb4+ 4.Bd2 Qe7 5.g3 Nc6 6.Nc3 Bxc3 7.Bxc3 Ne4 8.Rc1 Nxc3
9.Rxc3 d6 10.d5 Nb8 11.Bg2 e5 12.c5 Nd7 13.cxd6 cxd6 14.O-O O-O 15.Qc2 Nc5
16.b4 Na6 17.a3 Bg4 18.Rc1 Qd7 19.Ng5 Qf5 20.Qxf5 Bxf5 21.Be4 Bxe4 22.Nxe4 Rfd8
23.b5 Nc5 24.Nxc5 dxc5 25.Rxc5 b6 26.Rc7 a6 27.bxa6 Rxa6 28.d6 Kf8 29.Rb7 Ke8
30.Re7+ Kf8 31.Rcc7 Rxd6 32.Rxf7+ Ke8 33.Rxg7 Kd8 34.Rcf7 Ke8 35.Rb7 Kf8
36.Rxh7 Kg8 37.Rhe7 Rd8 38.Rxe5 Rxa3 39.Rxb6 Ra1+ 40.Kg2 Rdd1 41.h4  1-0

[Event "FSGM October"]
[Site "Budapest HUN"]
[Date "2004.10.02"]
[Round "1"]
[White "Szeberenyi,A"]
[Black "Paschall,W"]
[Result "1/2-1/2"]
[WhiteElo "2422"]
[BlackElo "2389"]

1.d4 Nf6 2.Nf3 e6 3.c4 Bb4+ 4.Bd2 a5 5.g3 b6 6.Bg2 Ba6 7.Qc2 O-O 8.O-O c5
9.a3 Bxd2 10.Nbxd2 Nc6 11.dxc5 bxc5 12.Rfd1 Rb8 13.Rab1 Qe7 14.Ne4 Nxe4 15.Qxe4 f5
16.Qc2 d6 17.Qa4 Bb7 18.Nd2 Nd4 19.Bxb7 Qxb7 20.e3 Nc6 21.Nf3 Rbd8 22.Rd2 Rf6
23.Rbd1 e5 24.Rd5 Qc7 25.Ne1 f4 26.exf4 exf4 27.Ng2 fxg3 28.hxg3 Nd4 29.Nf4 Qc8
30.R1xd4 cxd4 31.Qxa5 Re8 32.Rxd4 Qb8 33.Qd2 Qb7 34.Nd5 Rfe6 35.Rh4 h6 36.Qd4 Re1+
37.Kh2 R8e5 38.Rf4 Rh5+ 39.Kg2 Qc8 40.Rg4 Rhe5 41.Rh4 Qf5 42.Rf4 Qb1  1/2-1/2